<?xml version="1.0" encoding="UTF-8"?>
<collection xmlns="http://www.loc.gov/MARC21/slim">
 <record>
  <leader>01101nam a22001937a 4500</leader>
  <controlfield tag="001">NCT_4_023731</controlfield>
  <controlfield tag="008">191031b        xxu||||| |||| 00| 0 vie d</controlfield>
  <datafield tag="999" ind1=" " ind2=" ">
   <subfield code="c">9167</subfield>
   <subfield code="d">9167</subfield>
  </datafield>
  <datafield tag="020" ind1=" " ind2=" ">
   <subfield code="a">9786044027562</subfield>
   <subfield code="c">169000</subfield>
  </datafield>
  <datafield tag="082" ind1="0" ind2="4">
   <subfield code="2">23rd ed.</subfield>
   <subfield code="a">158.2</subfield>
   <subfield code="b">H668</subfield>
  </datafield>
  <datafield tag="100" ind1="0" ind2=" ">
   <subfield code="a">Dr. Hiro</subfield>
  </datafield>
  <datafield tag="245" ind1="1" ind2="0">
   <subfield code="a">Thao túng tâm lý trong giao tiếp :</subfield>
   <subfield code="b">Thủ thuật tâm lý giúp nhận diện hành vi thao túng và bảo vệ bản thân khỏi sự kiểm soát của đối phương</subfield>
   <subfield code="c">Dr. Hiro</subfield>
  </datafield>
  <datafield tag="260" ind1=" " ind2=" ">
   <subfield code="a">H. </subfield>
   <subfield code="b">Dân trí</subfield>
   <subfield code="c">2024</subfield>
  </datafield>
  <datafield tag="300" ind1=" " ind2=" ">
   <subfield code="a">279 tr.</subfield>
   <subfield code="b">Minh hoạ</subfield>
   <subfield code="c">19 cm</subfield>
  </datafield>
  <datafield tag="520" ind1="3" ind2=" ">
   <subfield code="a">Cung cấp những kiến thức hữu ích để làm chủ trong đối thoại, giúp bạn có được những cách thức đối phó và bảo vệ bản thân khỏi sự kiểm soát của đối phương</subfield>
  </datafield>
  <datafield tag="653" ind1=" " ind2=" ">
   <subfield code="a">Tham khảo</subfield>
  </datafield>
  <datafield tag="942" ind1=" " ind2=" ">
   <subfield code="2">ddc</subfield>
   <subfield code="c">BK</subfield>
  </datafield>
  <datafield tag="952" ind1=" " ind2=" ">
   <subfield code="0">0</subfield>
   <subfield code="1">0</subfield>
   <subfield code="2">ddc</subfield>
   <subfield code="4">0</subfield>
   <subfield code="6">158_200000000000000_H668</subfield>
   <subfield code="7">0</subfield>
   <subfield code="9">31039</subfield>
   <subfield code="a">000001</subfield>
   <subfield code="b">000001</subfield>
   <subfield code="d">2025-06-30</subfield>
   <subfield code="o">158.2 H668</subfield>
   <subfield code="p">TK.05486</subfield>
   <subfield code="r">2025-06-30</subfield>
   <subfield code="v">169000.00</subfield>
   <subfield code="w">2025-06-30</subfield>
   <subfield code="y">BK</subfield>
  </datafield>
  <datafield tag="980" ind1=" " ind2=" ">
   <subfield code="a">Thư viện Trường Đại học Nam Cần Thơ</subfield>
  </datafield>
 </record>
</collection>
